[Event "Moscow Tal Memorial 7th"]
[Site "Moscow"]
[Date "2012.06.10"]
[Round "3"]
[White "Nakamura, Hikaru"]
[Black "Tomashevsky, Evgeny"]
[Result "1/2-1/2"]
[WhiteElo "2775"]
[BlackElo "2738"]
[Annotator "Kritz,L"]
[PlyCount "81"]
[EventDate "2012.06.08"]
[EventType "tourn"]
[EventRounds "9"]
[EventCountry "RUS"]
[EventCategory "22"]
[SourceTitle "CBM 149"]
[Source "ChessBase"]
[SourceDate "2012.07.17"]
[SourceVersion "1"]
[SourceVersionDate "2012.07.17"]
[SourceQuality "1"]

1. e4 e5 2. f4 $5 {Das Königsgambit trifft man heute sehr selten in den
Partien der Supergroßmeister, daher ist es immer sehr interessant zu sehen,
wie diese alte Eröffnung heute gespielt wird.} d5 {Das gilt als der sicherste
Weg zum theoretischen Ausgleich.} (2... exf4 {Schwarz kann versuchen, den
Bauer zu nehmen und gleich um Vorteil zu kämpfen, doch die entstehenden
Stellungen sind zweischneidig.} 3. Nf3 d6 (3... d5 4. exd5 Nf6 {-> siehe die
Partie.}) 4. d4 g5 5. Bc4 h6 6. O-O Bg7 7. c3 Nc6 8. g3 Bh3 $132) 3. exd5 exf4
4. Nf3 (4. Bc4 {Das Problem mit diesem Zug ist, dass Weiß die Rochade verliert.
} Qh4+ $1 5. Kf1 Bd6 {Offensichtlich wird Schwarz keine Schwierigkeiten haben,
weil er seine Figuren leicht entwickeln kann.} 6. Nf3 Qh5 7. Nc3 Ne7 8. d4 O-O
9. Kf2 Nd7 10. Re1 Nb6 11. Bb3 Nexd5 12. Nxd5 Nxd5 13. c4 Ne3 14. Bxe3 fxe3+
15. Rxe3 Bf5 $132 {Polgar - Topalov (Mexico City, 2010)}) 4... Nf6 5. Be2 {
Dieser Zug scheint nicht zu ambitiös.} (5. Bb5+ c6 (5... Nbd7 6. c4 Qe7+ 7. Qe2
a6 8. Bxd7+ Bxd7 9. Ne5 O-O-O 10. d4 Re8 11. Bxf4 Ng4 12. h3 Nh6 13. Nc3 f6 14.
O-O-O fxe5 15. dxe5 g5 16. Bh2 Bg7 17. Rhe1 $44 {und Weiß hatte gute
Kompensation in Nakamura - Kosteniuk (Saint Louis, 2011)}) 6. dxc6 Nxc6 7. d4
Bd6 8. O-O O-O 9. c4 Ne7 10. Nc3 a6 11. Ba4 b5 $5 12. cxb5 axb5 13. Bxb5 Bb7
$44 {Schwarz bekam gutes Spiel in Savchenko - Goganov (Moskau, 2012)}) (5. Bc4
{führt zu gleichem Spiel:} Nxd5 6. O-O Be7 7. d4 O-O 8. Bxd5 Qxd5 9. Bxf4 Qd8
10. c4 Bf5 11. Nc3 c6 12. Kh1 Nd7 $11 {Shulman - Onischuk (Lindsborg, 2002)}) (
5. c4 c6 6. d4 ({Das Nehmen auf c6 ist zu gefährlich:} 6. dxc6 Nxc6 7. d4 Bb4+
8. Nc3 Ne4 9. Bd2 O-O $1 10. Nxe4 Re8 11. Bxb4 (11. Bd3 f5 $17) 11... Rxe4+ 12.
Kf2 Nxb4 13. Qd2 Bg4 $1 $15 {Grafl - Berzinsh (Germany, 2003)}) 6... Bb4+ 7.
Nc3 cxd5 8. Bxf4 O-O 9. Be2 dxc4 10. Bxc4 Nc6 11. O-O Bg4 $132 {Schwarz hatte
keine Probleme in Zeller - Jussupow (Switzerland, 2009)}) 5... Nxd5 6. c4 $1 {
Es ist wichtig c4 zu spielen, bevor Schwarz seinen Läufer nach d6 stellt, so
dass er nicht Ne7 spielen kann.} (6. O-O Bd6 7. c4 Ne7 $1 {und Schwarz steht
schon etwas besser, weil Weiß den Bauern f4 nicht so leicht zurück gewinnen
kann.} 8. d4 c6 9. Nc3 O-O 10. Bd3 Ng6 11. Re1 Bg4 $15 {Baer - Stefan (ICCF
corr 1995/Corr 2002)}) 6... Nf6 7. d4 Bd6 8. c5 {Das ist vermutlich eine
kleine Ungenauigkeit, weil Weiß zu früh das Feld d5 aufgibt.} (8. O-O $5 O-O 9.
Nc3 c6 10. Ne5 $132) 8... Be7 9. Nc3 (9. Bxf4 Nd5 10. Bd2 O-O 11. O-O Nc6 12.
Nc3 Bf6 13. Bc4 Be6 $11) 9... Be6 10. Bxf4 Nd5 11. Bg3 O-O {Es ist schwer
vorstellbar, dass Schwarz Probleme haben kann, wenn er das Feld d5 unter
Kontrolle hat.} 12. Qd2 (12. Qb3 Nxc3 13. Qxc3 Nc6 $1 {Der Springer geht nach
c6, um den Bauern d4 anzugreifen.} 14. O-O Bf6 15. Rad1 Bd5 16. Ne5 Re8 $132)
12... Nd7 13. O-O c6 $11 {Schwarz hat sich sehr solide aufgebaut und hat die
Stellung völlig ausgeglichen.} 14. Ne4 $6 {Das führt zu Vereinfachungen und
erlaubt Schwarz sogar aktiv zu werden.} (14. Rae1 $5 N7f6 (14... Nxc3 15. bxc3
Qa5 (15... b6 $2 16. Ba6 bxc5 17. Bb7 $16) 16. Bd3 g6 (16... b6 17. Qc2 g6 18.
Bxg6 hxg6 19. Rxe6 fxe6 20. Qxg6+ Kh8 21. Qh6+ Kg8 22. Qxe6+ $18) 17. Rxe6 fxe6
18. Bc4 $44) 15. Ng5 Nxc3 16. bxc3 Bd5 17. Bd3 h6 18. Nf3 Re8 $11) 14... N7f6
15. Bd3 $6 {Ein weiterer Fehlgriff. Besser war 15.Neg5.} (15. Neg5 Bf5 16. Bc4
h6 17. Ne5 Bc8 18. Ngf3 Ne4 19. Qe1 Bf5 $11) 15... Nxe4 16. Bxe4 f5 $1 {
Nun übernimmt Schwarz die Initiative.} 17. Bc2 (17. Bxd5 Bxd5 18. Ne5 (18. Rae1
Bxf3 19. Rxf3 Bxc5 $17) 18... Be4 19. Rac1 Bf6 $15) 17... f4 {Schwarz hat
Raumvorteil am Königsflügel gewonnen.} 18. Bf2 Bf5 $1 {Es ist richtig die
weißfeldrigen Läufer zu tauschen, um Weiß mit dem schlechten Läufer f2 zu
belassen.} 19. Bb3 Kh8 (19... g5 {Das sieht sicherlich interessant aus, ist
jedoch etwas riskant.} 20. Ne5 Bf6 21. Rae1 $132 {Schwarz hat den König
geschwächt, kommt jedoch noch nicht voran.}) 20. Rae1 Bf6 21. Ne5 (21. Bxd5
Qxd5 22. Bh4 (22. Qxf4 Bd3 $17) 22... Qxa2 23. Qxf4 Be6 24. Bxf6 Rxf6 $11)
21... g5 {Schwarz spielt aggressiv. Er könnte nach 21...Bg5 vermutlich
Zugwiederholung erzwingen.} (21... Bg5 {Es droht f4-f3, Weiß hat nichts
Besseres, als mit dem Springer zurückzugehen.} 22. Nf3 Bf6 $11) 22. Qd1 Qc7 23.
Nc4 (23. Qh5 $5 Kg7 (23... Qg7 24. h4 $14 {Schwarz kann nicht g4 spielen, weil
der Läufer f5 hängt.}) 24. h4 h6 25. g3 $5 Qd8 $11) 23... Bg6 24. Nd6 Ne3 $1 {
Sehr stark gespielt. Nun bekommt Weiß Probleme mit dem Bauern d4.} 25. Bxe3 ({
Betrachtung verdient das Qualitätsopfer} 25. Rxe3 $5 fxe3 26. Bxe3 Qg7 27. Qg4
$44) 25... fxe3 26. Rxe3 Qg7 27. Kh1 Bxd4 28. Ref3 Rxf3 {Schwarz muss ein Paar
Türme tauschen, um den Druck auf der f-Linie loszuwerden.} (28... Bxb2 29. Rf7
Bxf7 30. Nxf7+ Rxf7 (30... Kg8 31. Nd8+ Kh8 32. Rxf8+ Qxf8 33. Nf7+ Kg8 (33...
Kg7 34. Qh5 $18) 34. Nxg5+ Kh8 35. Nf7+ Kg8 36. Qd7 $18 {/\Ng5-Qxh7#}) 31. Rxf7
Qg6 32. Rd7 $44 {Weiß hat Kompensation Dank der Aktivität seiner Figuren.}) 29.
Rxf3 {Nach 29. Qf3 steht Schwarz etwas besser.} (29. Qxf3 Bxc5 30. Nf7+ Bxf7
31. Qxf7 Bd4 32. Qxg7+ Bxg7 33. Rf7 Rb8 $15) 29... Bf6 (29... Bxb2 30. Nf7+
Bxf7 31. Rxf7 Qg6 32. Rd7 $44) 30. Qf1 Be7 (30... Rf8 $2 31. Nf7+ Bxf7 32. Rxf6
Kg8 33. Qf5 Bxb3 34. Rxf8+ Qxf8 35. Qxg5+ Kh8 36. Qe5+ Kg8 37. Qg3+ Kh8 38.
Qc3+ Kg8 39. Qxb3+ $16) 31. Qe1 ({Weiß konnte das Remis sofort festhalten:} 31.
Nf7+ Bxf7 32. Rxf7 Rf8 33. Rxf8+ Qxf8 34. Qxf8+ Bxf8 35. Be6 Bxc5 36. Bc8 b6
37. Bb7 Bd4 38. Bxc6 Bxb2 39. g4 $11) 31... Bf6 32. Qf2 {Weiß versucht auf
Vorteil zu spielen.} (32. Qf1 Be7 $11) 32... Bd4 33. Qd2 (33. Qe2 Rf8 34. Nxb7
Rxf3 35. Qxf3 Qe7 36. Qd1 Bxb2 37. Qd8+ Qxd8 38. Nxd8 Bd4 39. Nxc6 Bxc5 40. Ne5
$11) 33... Bxc5 34. Nf7+ Bxf7 35. Rxf7 Rf8 {Es kann nur Schwarz auf Gewinn
spielen, doch weil Türme und Damen getauscht werden, ist die Stellung remis.}
36. Rxf8+ Bxf8 37. Qd8 $1 Qe7 38. Qd4+ Bg7 39. Qxa7 Qe1+ 40. Qg1 Qxg1+ 41. Kxg1
1/2-1/2

[Event "Moscow Tal Memorial 7th"]
[Site "Moscow"]
[Date "2012.06.12"]
[Round "4"]
[White "McShane, Luke J"]
[Black "Nakamura, Hikaru"]
[Result "1/2-1/2"]
[WhiteElo "2706"]
[BlackElo "2775"]
[Annotator "Ftacnik,L"]
[PlyCount "158"]
[EventDate "2012.06.08"]
[EventType "tourn"]
[EventRounds "9"]
[EventCountry "RUS"]
[EventCategory "22"]
[SourceTitle "CBM 149"]
[Source "ChessBase"]
[SourceDate "2012.07.17"]
[SourceVersion "1"]
[SourceVersionDate "2012.07.17"]
[SourceQuality "1"]

1. e4 c5 2. Nf3 e6 3. d4 cxd4 4. Nxd4 Nf6 5. Nc3 d6 6. Be2 a6 7. f4 Qc7 8. O-O
Be7 9. Kh1 O-O 10. a4 Nc6 11. Be3 Bd7 12. Nb3 Na5 {The knight move to the edge
of the board deserves some explanation. White was threatening with 13.a5! and
the only other sensible alternative lies in 12...b6. Black admits, that for
once the white knight on b3 in a Scheveningen is not a miserable piece!} (12...
b6 13. Bf3 Rab8 14. g4 Bc8 15. g5 Nd7 16. Bg2) 13. e5 Ne8 (13... dxe5 14. fxe5
Nd5 (14... Qxe5 $2 15. Bf4 Qf5 16. Bd6 $18) 15. Nxd5 exd5 16. Nxa5 Qxa5 17. c3
$14) 14. Nxa5 Qxa5 15. Ne4 Qc7 16. a5 {Fixing the pawn structure on the
queenside competes with the immediate centralisation of the white bishop. It
seems, that the game move is the more annoying possibility.} (16. Bd4 f6 (16...
Bc6 17. Bd3 f5 18. exf6 Bxf6 19. Bxf6 (19. Nxf6+ Nxf6 20. Qe1 Rae8 21. a5 $14)
19... Nxf6 20. Nxd6 Nd5 (20... g6 $1 21. Nc4 Nh5 $15) 21. Qh5 Nf6 22. Qe5 Qd7
23. Rae1 Rad8 24. Nc4 Bxa4 25. Nb6 Qc6 26. Nxa4 Qxa4 27. Qxe6+ $16 {1-0
Gurevich,I (2495)-Villanueva,H/Los Angeles 1991 (32)}) 17. exf6 Nxf6 18. Bd3 e5
(18... Nxe4 19. Bxe4 Bf6 20. c3 Bc6 21. Bc2 Bxd4 22. Qxd4 Bd5 23. f5 Qc6 24.
Qg4 exf5 25. Bxf5 Rf6 $11 {1/2-1/2 Pavlovic,M (2505)-Chibukhchian,A (2415)/
Panormo 1998 (32)}) 19. fxe5 dxe5 20. Nxf6+ Bxf6 21. Bc3 Bc6 22. Qg4 e4 23.
Bxe4 Bxc3 24. bxc3 $14 {1/2-1/2 Kharlov,A (2555)-Newerovski,G (2370)/Smolensk
1997 (57)}) 16... Bc6 {The black pieces form a compact bunch, but all of them
are fairly passive. The whole system requires exact play from the defender,
otherwise he may end up in a difficult position.} (16... Rc8 17. Bb6 (17. Nc3
Bc6 18. Bb6 Qb8 19. Qd4 Bd8 20. Rad1 Bc7 21. Bxc7 Rxc7 22. Bf3 dxe5 23. Qxe5
Qc8 24. Qd4 Nf6 $11 {0-1 Netzer,J (2230)-Relange,E (2459)/Guingamp 2010 (42)})
17... Qb8 (17... Qxc2 18. exd6 Bf6 19. Bf3 $16) 18. c4 Bc6 19. Qd4 $16 {
1/2-1/2 Garcia Martinez,S (2353)-Gamundi Salamanca,A (2453)/Alcudia 2003}) 17.
Bb6 Qb8 (17... Qd7 18. Bf3 Rc8 19. c4 f5 20. exd6 fxe4 21. dxe7 Qxe7 22. Be2 e5
23. Bg4 Ra8 24. f5 Nf6 25. Be2 {1-0 Kononenko,D (2457)-Tishin,D (2372)/Alushta
2004 (38)} Qb4 $14) 18. Qd4 d5 $6 {[%mdl 4] Nakamura must have been rather
unhappy with his position, otherwise he would not choose a move that leaves
him in a difficult bind. The f-pawn move 18...f6 proved to be unsufficient,
but the untried 18...f5!? deserves the benefit of the doubt. White may not be
able to get more than a small advantage.} (18... f6 19. exd6 Nxd6 20. Nxd6 Qxd6
21. Qxd6 Bxd6 22. Rad1 Bb8 23. Bc4 Re8 24. f5 Be5 25. Bxe6+ Kh8 26. c3 $16 {
0-1 Kasimdzhanov,R (2672)-Dao Thien Hai (2557)/Doha 2006 (58)}) (18... f5 $5
19. Nc3 (19. exd6 Nxd6 20. Nxd6 Qxd6 21. Qxd6 Bxd6 22. Rad1 Be7 $14) 19... dxe5
20. fxe5 Nc7 21. Bc4 Kh8 $14) 19. Nc5 Qc8 (19... Nc7 20. Qf2 Nb5 21. c4 Nc7 22.
Rac1 $16) 20. Bf3 (20. Rf3 $5 Nc7 21. Rh3 Nb5 22. Qf2 h6 23. Rd1 $16) 20... g6
21. c4 $5 {McShane is rushing to open up the position, as his active pieces
and the mobility of his rooks promise chances for an advantage.} Ng7 (21...
dxc4 22. Bxc6 Qxc6 23. Qd7 $1 Bxc5 24. Qxc6 bxc6 25. Bxc5 $16) 22. cxd5 exd5 (
22... Bxd5 23. Bxd5 exd5 24. Qxd5 $16) 23. Rac1 (23. Bxd5 $2 Nf5 24. Qd3 Bxd5
25. Qxd5 Ne3 $17) 23... Bd8 {The ability to defend in an unpleasant position
is a great asset for any chess player. Nakamura is working hard on limiting
the damage done by the dubious opening solution.} (23... Qf5 24. g4 Qc8 25. Qd2
Ne6 26. Nb3 $16) (23... Ne6 24. Qd2 Nxc5 25. Bxc5 Bxc5 26. Rxc5 Qe6 27. Qd4
Rad8 28. Re1 f6 29. g3 $16) 24. Rfd1 $6 (24. Bxd8 $1 Qxd8 25. Qb4 Ne6 26. Rfd1
Qe7 27. Nd3 Qxb4 28. Nxb4 Ba4 29. Rxd5 Nxf4 30. Rd6 $16) 24... Ne6 (24... Bxb6
25. axb6 Ne6 26. Nxe6 fxe6 27. Rc3 Qd8 $14) 25. Qd2 $2 {White is somehow
forgetting the maxim, that even in great positions it pays to look for the
most precise solutions. The second meagre move is kissing his advantage good
bye.} (25. Qb4 Bxb6 26. Qxb6 Nxc5 27. Qxc5 Qf5 28. Qd4 $16) 25... Bxb6 26. axb6
Qd8 27. Bxd5 (27. Nxe6 fxe6 28. Bg4 Qe7 29. Qe3 Kg7 $11) 27... Nxc5 28. Rxc5
Qxb6 {The defender has finally managed to solve all the problems and can start
to dream about getting some play.} 29. b4 (29. Qc3 Rad8 30. h3 Bxd5 31. Rcxd5
Rxd5 32. Rxd5 $11) 29... Rad8 30. Qe1 {The first player has spoiled his
position to such a degree, that he must start worrying about his own safety.
Most likely a better solution was to put the white queen to the c3-square.} (
30. Qc3 h5 31. h3 Bxd5 32. Rcxd5 Rxd5 33. Rxd5 $11) (30. e6 Bxd5 31. Rxd5 Rxd5
32. Qxd5 Qxe6 (32... Qxb4 $2 33. Qd7 fxe6 34. Qxe6+ $11) 33. Qxb7 Qb3 34. Rf1
a5 35. b5 a4 $15) 30... Bxd5 31. Rcxd5 Rxd5 32. Rxd5 Rc8 33. h3 Qe6 {It is no
secret that Nakamura works hard on chess and it must entail also learning
about acceptable risk. The rookmove to c4 must have been very tempting for
this aggressive player, but Black was surely concerned about the dangers of
the 34.f5! advance.} (33... Rc4 34. f5 $1 Rxb4 (34... gxf5 35. Rd6 Rc6 36. Qg3+
Kf8 37. Qf4 $11) 35. Kh2 Rb5 36. Rd6 Rb1 37. Qd2 Qg1+ 38. Kg3 Rb3+ 39. Kg4
gxf5+ 40. Kh5 Qe3 41. Rd8+ Kg7 42. Rg8+ Kxg8 43. Qd8+ Kg7 44. Qf6+ $11) 34. Rd4
h5 35. Kh2 Qf5 36. Qh4 Kg7 37. Rd6 {McShane must have been perfectly aware,
that even in simplified positions his aggressive opponent is able to generate
a lot of heat. Shortly before the time control he decides to simplify into a
slightly worse rook ending.} (37. Qe7 b5 38. Qd6 Rc4 39. Qd5 Rc1 40. Qd8 Rf1
41. Kg3 $11) 37... Rc4 38. Qf6+ Qxf6 (38... Kh7 39. Qxf5 gxf5 40. Rb6 Rxf4 41.
Rxb7 Kg6 42. Rb6+ $11) 39. exf6+ Kh6 40. Rb6 (40. Rd7 Rxb4 41. Rxf7 Rxf4 42.
Rxb7 Rxf6 43. h4 $15) 40... Rxf4 41. Rxb7 Rxf6 42. b5 axb5 (42... a5 43. Ra7
$11) 43. Rxb5 Rf4 $15 {Black has obtained an advantage for the first time in
the game, but realising the extra pawn on the same flank is next to impossible
in a rook ending.} 44. Kg3 g5 45. Rb6+ Kg7 (45... f6 46. h4 $1 Rxh4 47. Rxf6+
Kg7 48. Ra6 $15) 46. Kh2 Ra4 47. Kg1 Ra3 48. Kf2 f6 49. Rb7+ Kg6 50. Rb5 Ra2+
51. Kf1 Rd2 52. Ra5 h4 53. Rb5 f5 54. Rb6+ Kf7 (54... Kh5 55. Rb5 f4 56. Rb6
$15) 55. Ra6 Rd4 56. Kf2 Re4 57. Rb6 Re6 58. Rb5 Kf6 59. Ra5 Rd6 60. Ra2 Ke5
61. Re2+ Kf4 62. Ra2 Rd4 63. Rb2 Rd3 {Black knows all too well that advancing
the pawns might bring the situation to the immediate drawish outcome.} (63...
g4 64. hxg4 fxg4 65. g3+ $1 hxg3+ 66. Kg2 $11) 64. Ra2 g4 65. Ra4+ Kg5 66. hxg4
fxg4 67. Ra5+ Kf4 68. Ra4+ Kf5 69. Ra5+ Ke4 70. Ra4+ Rd4 71. Rxd4+ $1 {The
gifted English player knows, that despite the absence of the pawn his king can
safely hide in the corner.} Kxd4 72. Ke2 Ke4 73. Ke1 Kd3 74. Kf1 Kd2 75. Kf2
g3+ 76. Kg1 $1 (76. Kf3 $2 Ke1 77. Kg4 Kf2 78. Kh3 Kg1) 76... Ke1 77. Kh1 h3
78. Kg1 h2+ 79. Kh1 Kf2 1/2-1/2

[Event "Tata Steel-A 75th"]
[Site "Wijk aan Zee"]
[Date "2013.01.18"]
[Round "6"]
[White "Nakamura, Hikaru"]
[Black "L'Ami, Erwin"]
[Result "1/2-1/2"]
[WhiteElo "2769"]
[BlackElo "2627"]
[Annotator "CB"]
[PlyCount "81"]
[EventDate "2013.01.12"]
[EventType "tourn"]
[EventRounds "13"]
[EventCountry "NED"]
[EventCategory "20"]
[SourceTitle "CBM 153"]
[Source "ChessBase"]
[SourceDate "2013.03.14"]
[SourceVersion "1"]
[SourceVersionDate "2013.03.14"]
[SourceQuality "1"]

{A couple of years ago, Nakamura beat L'Ami from a completely equal endgame.
This year I expected Hikaru to press for a long time against the Dutchman, but
surprisingly Erwin seemed to be the higher rated player as he made his
position better with every move. A solid Caro-Kann allowed him to outmaneuver
the American.} 1. e4 c6 2. d4 d5 3. e5 Bf5 4. Nf3 e6 5. Be2 Ne7 6. O-O Nc8 7.
Nbd2 Be7 8. c4 O-O 9. Qb3 Qc7 10. Bd3 Bg6 11. Bxg6 fxg6 12. Ne1 Na6 13. Qh3 Qd7
14. cxd5 cxd5 15. Ndf3 Nb6 16. Bg5 Rae8 17. Bxe7 Qxe7 18. Nd3 Rf5 19. Rac1 Nd7
20. Rc2 Ndb8 21. Rc3 Nc6 22. Nc1 Nab8 23. Ne2 Nd7 24. a3 Nb6 25. Nd2 g5 26. Rf3
Ref8 27. Rxf5 Rxf5 28. Rc1 h6 29. Qd3 Rf8 30. Qg6 Na4 31. b3 Nb6 32. a4 Nd7 33.
Nf1 Rf7 34. Ne3 Nf8 35. Qd3 Qb4 36. g3 Rc7 37. Kg2 a6 38. f4 gxf4 39. gxf4 Rf7
40. Kh1 Ne7 41. Rf1 (41. Rf1 {The only question I have about the game is if
Black had any chances to push in the final position with} Nfg6 $5) 1/2-1/2

[Event "Geneve Masters GpB"]
[Site "Geneve"]
[Date "2013.06.28"]
[Round "3.1"]
[White "Bacrot, Etienne"]
[Black "Nakamura, Hikaru"]
[Result "0-1"]
[WhiteElo "2725"]
[BlackElo "2784"]
[PlyCount "68"]
[EventDate "2013.06.26"]
[EventType "tourn (rapid)"]
[EventRounds "3"]
[EventCountry "SUI"]
[EventCategory "17"]
[SourceTitle "CBM 155 Extra"]
[Source "ChessBase"]
[SourceDate "2013.08.26"]
[SourceVersion "1"]
[SourceVersionDate "2013.08.26"]
[SourceQuality "1"]

1. d4 d5 2. c4 e6 3. Nf3 Nf6 4. Nc3 dxc4 5. e4 Bb4 6. Bg5 c5 7. Bxc4 cxd4 8.
Nxd4 Qa5 9. Bd2 Qc5 10. Bb5+ Bd7 11. Nb3 Qb6 12. Bd3 Bc6 13. O-O Nbd7 14. Be3
Qc7 15. Nb5 Qb8 16. N5d4 Ba4 17. Qe2 O-O 18. f4 e5 19. Nf5 Bxb3 20. axb3 Bc5
21. Rac1 Bxe3+ 22. Qxe3 exf4 23. Rxf4 Qe5 24. Rcf1 b5 25. Rh4 g6 26. Qh6 gxf5
27. Rxf5 Qd4+ 28. Kh1 Kh8 29. h3 Rg8 30. Rxf6 Nxf6 31. e5 Qxd3 32. Qxf6+ Rg7
33. Rg4 Rag8 34. e6 Qd1+ 0-1

[Event "FIDE World Cup"]
[Site "Tromsoe"]
[Date "2013.08.14"]
[Round "2.1"]
[White "Nakamura, Hikaru"]
[Black "Safarli, Eltaj"]
[Result "1-0"]
[WhiteElo "2772"]
[BlackElo "2660"]
[Annotator "CB"]
[PlyCount "71"]
[EventDate "2013.08.11"]
[EventType "k.o."]
[EventRounds "7"]
[EventCountry "NOR"]
[SourceTitle "CBM 156"]
[Source "ChessBase"]
[SourceDate "2013.09.17"]
[SourceVersion "1"]
[SourceVersionDate "2013.09.17"]
[SourceQuality "1"]

1. d4 Nf6 2. c4 g6 3. f3 e6 {Free Style!} 4. Nc3 (4. e4 d5 5. cxd5 exd5 6. Nc3
dxe4 7. fxe4 Bb4 8. Bg5 h6 9. Bxf6 Qxf6 10. Nf3 Bg4 11. Bb5+ c6 12. Be2 Nd7 13.
O-O $1 Qe7 14. Qc1 O-O-O 15. Qf4 f5 16. Nb5 cxb5 17. Rac1+ Nc5 18. exf5 Qxe2
19. Qxg4 gxf5 20. Qxf5+ Kb8 21. dxc5 Rhf8 22. Qe5+ Qxe5 23. Nxe5 Rfe8 24. c6
Rd2 25. Rf5 Bd6 26. Nd7+ Kc8 27. Nf6 Re5 28. Rxe5 Bxe5 29. Ne4 Rxb2 30. cxb7+
Kxb7 31. Nc5+ Ka8 32. Rd1 Bc7 33. Re1 a5 34. Re6 Rc2 35. Nd3 h5 36. Rh6 Rxa2
37. Rxh5 Rd2 38. Nc5 a4 39. Rh6 Rd6 40. Rh8+ Ka7 41. Kf1 Rc6 {0-1 (41) Svidler,
P (2747)-Vachier Lagrave,M (2722) Paris/St Petersburg 2013}) 4... d5 5. Bg5 h6
(5... Bg7 6. e3 O-O 7. Qc2 h6 8. Bh4 c5 9. dxc5 dxc4 10. e4 Qa5 11. Bf2 b5 12.
cxb6 axb6 13. Bxc4 Ba6 14. Bxa6 Nxa6 15. Nge2 Nb4 16. Qb1 Rfd8 17. O-O Bf8 18.
a3 Nd3 19. b4 Qa6 20. Be3 Bg7 21. Ra2 Rac8 22. Qb3 Nd7 23. Rd1 N7e5 24. Na4 b5
25. Nc5 Nxc5 26. Bxc5 Nc4 27. h3 Bf6 28. Rxd8+ Rxd8 29. f4 e5 30. a4 Nd2 31.
Qe3 exf4 32. Nxf4 Nc4 33. Qb3 Bg5 34. Nd5 Qe6 35. Re2 Rxd5 36. exd5 Qxe2 37.
axb5 Qe1+ 38. Kh2 Bf4+ 39. g3 Ne3 40. gxf4 Qf2+ {0-1 (40) Zhu Chen (2491)
-Cmilyte,V (2514) Huashan City 2013}) 6. Bh4 Be7 7. Qd2 Nbd7 (7... dxc4 8. e4
a6 9. e5 Nd5 10. Bxe7 Qxe7 11. Bxc4 Nxc3 12. bxc3 c5 13. Ne2 b5 14. Bd3 Bb7 15.
O-O Nc6 16. Be4 Kf8 17. Nf4 Kg7 18. Qf2 cxd4 19. cxd4 Rhd8 20. Rfd1 Nb4 21.
Rac1 Rac8 22. Qb2 Nd5 23. Rxc8 Rxc8 24. Bxd5 Bxd5 25. Nd3 Qg5 26. Qd2 Qxd2 27.
Rxd2 Rc4 28. Nc5 a5 29. Kf2 Rc3 30. Rb2 b4 31. Ke2 g5 32. Kd2 Rc4 33. Ke3 Kg6
34. Nb3 a4 35. Na5 Rc3+ 36. Kd2 Ra3 37. Kc1 b3 {0-1 (37) Arngrimsson,D (2390)
-Petr,M (2523) Legnica 2013}) 8. Bg3 c6 9. e4 dxe4 10. fxe4 Bb4 11. Bd3 e5 12.
a3 Ba5 13. d5 cxd5 14. cxd5 Nc5 (14... Kf8 $5 15. Nf3 Kg7) 15. b4 Nxd3+ 16.
Qxd3 Bb6 17. Nf3 O-O 18. Nxe5 a5 {Schwarz hat Kompensation für den Bauern.
Die Frage ist nur, ob es reicht.} 19. b5 a4 20. Nc4 Bc5 21. O-O-O {Die Rochade
zur anderen Seite versperrt, also wählt Nakamura die lange Rochade, auch wenn
die weiße Stellung dort luftig wirkt.} Bg4 22. Rd2 Qe7 23. d6 Qe6 24. Nd5 Nxd5
(24... Rac8 25. Nxf6+ (25. Nc7 Qxe4) 25... Qxf6 26. Kb1 (26. e5 Qe6 27. Kb2 Bf5
$19) 26... Be6 27. Rc1 Rfd8 28. Be5 Qg5 29. Bb2 {und Weiß konsolidiert sich.})
25. Qxd5 Rac8 26. Kb1 Qxd5 (26... Rfd8 $5) 27. Rxd5 {Verbunden mit einem
Qualitäts"opfer".} (27. exd5 Rfe8 $11) 27... Be6 28. Rhd1 Bxd5 29. Rxd5 Bxd6
$2 ({Zäher war} 29... Bg1 30. Na5 $16) 30. Nxd6 Rc3 31. Kb2 ({Gut war auch} 
31. Nxb7 Rb3+ 32. Kc2 Rc8+ 33. Kd2 Rxa3 34. Nc5 $18) 31... Rb3+ 32. Ka2 Rd8 33.
Rd4 h5 (33... f6 34. Bf4 g5 35. Bc1 Rc3 36. Bd2 $18) 34. Bh4 Rd7 35. Bf6 Kh7
36. e5 (36. e5 Rc7 37. Rxa4 Rbc3 38. Ra8 Rc2+ 39. Kb3 R7c3+ 40. Kb4 $18) 1-0